00393nam a2200169Ia 4500008004100000020001400041245001400055245003900069245001800108260001500126260001600141260000900157300001400166300002500180300001000205500000800215170705s9999 xx 000 0 und d a590463802 aJessica : bcan your best friend be imaginary? cKevin Henkes. aNew York : bScholastic, c1989 aunpaged : bcolor illustration ; c23cm. a590